Comunicación gubernamental
保存先:
| 第一著者: | |
|---|---|
| フォーマット: | 図書 |
| 言語: | スペイン語 |
| 出版事項: |
Buenos Aires
Paidós
2001
|
| 版: | 1a. ed |
| シリーズ: | Paidós Estudios de Comunicación, 13
|
| 主題: | |
| タグ: |
タグ追加
タグなし, このレコードへの初めてのタグを付けませんか!
|
MARC
| LEADER | 00000nam a2200000 a 4500 | ||
|---|---|---|---|
| 001 | UCG1993 | ||
| 003 | CL-VaPUC | ||
| 008 | 100531e20010000AG |||||||||||||||||spa|d | ||
| 020 | |a 9501227138 | ||
| 082 | 0 | 4 | |a 302.23 |b DEM |2 21 |
| 100 | 0 | |a De Masi, Oscar Andrés |e author |9 550164 | |
| 245 | 1 | 0 | |a Comunicación gubernamental |
| 250 | |a 1a. ed | ||
| 300 | |a 217 p | ||
| 942 | |c BK | ||
| 945 | |d 20100531 00:00:00 |a dcastane | ||
| 260 | |a Buenos Aires |b Paidós |c 2001 | ||
| 650 | 0 | |a Comunicación política |9 389711 | |
| 650 | 0 | |a Medios de comunicación |9 257206 | |
| 650 | 0 | |a Libertad de expresión |9 329993 | |
| 650 | 0 | |a Comunicación |9 257251 | |
| 650 | 0 | |a Aspectos sociales |9 254894 | |
| 583 | |a last modification |c 20180502 10:17:04 |k Rodrigo Vera | ||
| 490 | 0 | |a Paidós Estudios de Comunicación, 13 | |
| 999 | |c 341236 |d 341234 | ||
| 952 | |0 0 |1 0 |4 0 |6 302_230000000000000_DEM_2001 |7 0 |8 A |9 436605 |a BIBCUR |b BIBCUR |d 2019-11-22 |i 4683080 |o 302.23 DEM 2001 |p 4683080 |r 2025-04-22 |w 2019-11-22 |y BK |k PER | ||